[Event "I mi?dzynarodowy turniej szachowy"]
[Site "Jastrzebie-Zdroj"]
[Date "2018.08.20"]
[Round "4.7"]
[White "Durica, Adam"]
[Black "Kraus, Frantisek"]
[Result "1-0"]
[BlackElo "1972"]
[WhiteElo "2040"]
[LiveChessVersion "1.4.8"]

1. c4 {[%clk 1:30:57]} Nf6 {[%clk 1:30:55]} 2. g3 {[%clk 1:31:20]} g6
{[%clk 1:30:59]} 3. Bg2 {[%clk 1:31:42]} Bg7 {[%clk 1:31:26]} 4. Nc3
{[%clk 1:32:01]} O-O {[%clk 1:31:29]} 5. e4 {[%clk 1:32:12]} d6 {[%clk 1:31:49]}
6. Nge2 {[%clk 1:32:29]} e5 {[%clk 1:31:34]} 7. O-O {[%clk 1:32:21]} c6
{[%clk 1:29:05]} 8. h3 {[%clk 1:30:11]} Nbd7 {[%clk 1:26:06]} 9. d3
{[%clk 1:28:15]} Nc5 {[%clk 1:25:20]} 10. Be3 {[%clk 1:25:39]} Nfd7
{[%clk 1:22:01]} 11. b4 {[%clk 1:22:09]} Ne6 {[%clk 1:20:45]} 12. f4
{[%clk 1:21:52]} Nd4 {[%clk 1:13:29]} 13. f5 {[%clk 1:18:01]} a5 {[%clk 1:09:56]}
14. b5 {[%clk 1:12:46]} Nc5 {[%clk 1:06:47]} 15. bxc6 {[%clk 1:11:59]} bxc6
{[%clk 1:06:58]} 16. Bxd4 {[%clk 1:12:21]} exd4 {[%clk 1:07:25]} 17. Na4
{[%clk 1:12:40]} Qg5 {[%clk 1:06:36]} 18. Nxc5 {[%clk 1:09:41]} dxc5
{[%clk 1:04:28]} 19. g4 {[%clk 1:01:55]} Rb8 {[%clk 1:03:20]} 20. Qc2
{[%clk 0:39:37]} Be5 {[%clk 1:02:52]} 21. Rab1 {[%clk 0:38:18]} Bd7
{[%clk 1:00:32]} 22. Kh1 {[%clk 0:34:56]} Rxb1 {[%clk 0:56:43]} 23. Rxb1
{[%clk 0:35:14]} Rb8 {[%clk 0:56:31]} 24. Rxb8+ {[%clk 0:19:25]} Bxb8
{[%clk 0:56:59]} 25. Qb1 {[%clk 0:19:45]} Qd8 {[%clk 0:57:20]} 26. Qb7
{[%clk 0:19:04]} Qc7 {[%clk 0:57:49]} 27. Qxc7 {[%clk 0:19:26]} Bxc7
{[%clk 0:58:18]} 28. Kg1 {[%clk 0:19:01]} Kg7 {[%clk 0:58:34]} 29. Kf2
{[%clk 0:19:10]} g5 {[%clk 0:58:32]} 30. a4 {[%clk 0:17:51]} f6 {[%clk 0:58:11]}
31. Nc1 {[%clk 0:18:07]} Kf7 {[%clk 0:58:14]} 32. Nb3 {[%clk 0:18:12]} Bb6
{[%clk 0:58:44]} 33. Kf3 {[%clk 0:17:37]} Ke7 {[%clk 0:58:55]} 34. e5
{[%clk 0:15:59]} fxe5 {[%clk 0:59:23]} 35. Ke4 {[%clk 0:16:22]} Kf6
{[%clk 0:59:44]} 36. Nd2 {[%clk 0:16:05]} Be8 {[%clk 0:59:40]} 37. Kf3
{[%clk 0:15:43]} h6 {[%clk 0:59:50]} 38. Ne4+ {[%clk 0:16:04]} Ke7
{[%clk 1:00:19]} 39. Kg3 {[%clk 0:16:16]} Kf8 {[%clk 0:57:25]} 40. Nd6
{[%clk 0:14:56]} Bd7 {[%clk 0:57:37]} 41. h4 {[%clk 0:14:58]} Kg7
{[%clk 0:56:10]} 42. hxg5 {[%clk 0:14:45]} hxg5 {[%clk 0:56:38]} 43. Ne4
{[%clk 0:14:44]} Kh6 {[%clk 0:57:07]} 44. Nf6 {[%clk 0:15:03]} Bc8
{[%clk 0:57:13]} 45. Bxc6 {[%clk 0:15:25]} Bd8 {[%clk 0:56:52]} 46. Nd5
{[%clk 0:14:15]} Kg7 {[%clk 0:57:00]} 47. Kf3 {[%clk 0:14:41]} Bf6
{[%clk 0:56:42]} 48. Ke4 {[%clk 0:15:06]} Kf7 {[%clk 0:56:55]} 49. Nxf6
{[%clk 0:14:48]} Kxf6 {[%clk 0:56:31]} 50. Kd5 {[%clk 0:15:13]} Bxf5
{[%clk 0:56:18]} 51. gxf5 {[%clk 0:15:39]} Kxf5 {[%clk 0:56:36]} 1-0

[Event "I mi?dzynarodowy turniej szachowy"]
[Site "Jastrzebie-Zdroj"]
[Date "2018.08.20"]
[Round "4.8"]
[White "Lipka, Piotr"]
[Black "Sieber, Martin"]
[Result "0-1"]
[BlackElo "2110"]
[WhiteElo "1626"]
[LiveChessVersion "1.4.8"]

1. d4 {[%clk 1:30:39]} d5 {[%clk 1:29:00]} 2. Nf3 {[%clk 1:28:18]} Nf6
{[%clk 1:29:08]} 3. e3 {[%clk 1:28:08]} c5 {[%clk 1:29:33]} 4. c4
{[%clk 1:27:02]} e6 {[%clk 1:29:25]} 5. a3 {[%clk 1:26:48]} Nc6 {[%clk 1:29:09]}
6. cxd5 {[%clk 1:25:25]} exd5 {[%clk 1:29:24]} 7. dxc5 {[%clk 1:13:33]} Bxc5
{[%clk 1:29:42]} 8. b4 {[%clk 1:13:51]} Be7 {[%clk 1:29:58]} 9. Bb2
{[%clk 1:14:13]} O-O {[%clk 1:30:19]} 10. Bd3 {[%clk 1:14:31]} Bg4
{[%clk 1:28:57]} 11. Nbd2 {[%clk 1:13:30]} Nd7 {[%clk 1:23:29]} 12. Rc1
{[%clk 0:55:02]} Bf6 {[%clk 1:19:47]} 13. Bb1 {[%clk 0:43:22]} g6
{[%clk 1:13:26]} 14. Bxf6 {[%clk 0:41:08]} Qxf6 {[%clk 1:13:25]} 15. h3
{[%clk 0:41:09]} Be6 {[%clk 1:13:03]} 16. O-O {[%clk 0:38:54]} Rac8
{[%clk 1:12:51]} 17. Nb3 {[%clk 0:32:40]} Nde5 {[%clk 1:11:17]} 18. Nxe5
{[%clk 0:29:37]} Qxe5 {[%clk 1:10:19]} 19. b5 {[%clk 0:27:34]} Ne7
{[%clk 1:07:25]} 20. Qd4 {[%clk 0:24:05]} Qb8 {[%clk 1:05:11]} 21. Qf6
{[%clk 0:22:15]} Nf5 {[%clk 1:00:49]} 22. Nc5 {[%clk 0:21:58]} Ng7
{[%clk 0:56:46]} 23. Qe7 {[%clk 0:17:18]} Rc7 {[%clk 0:52:18]} 24. Qd6
{[%clk 0:13:15]} Rd8 {[%clk 0:50:03]} 25. Qe5 {[%clk 0:12:10]} Qc8
{[%clk 0:48:32]} 26. Nxe6 {[%clk 0:12:01]} Nxe6 {[%clk 0:48:27]} 27. Rxc7
{[%clk 0:11:17]} Qxc7 {[%clk 0:48:41]} 28. Qxc7 {[%clk 0:11:05]} Nxc7
{[%clk 0:49:09]} 29. a4 {[%clk 0:11:13]} Kf8 {[%clk 0:48:25]} 30. Rd1
{[%clk 0:10:13]} Ke7 {[%clk 0:46:46]} 31. Ba2 {[%clk 0:10:22]} Rd7
{[%clk 0:46:02]} 32. Kf1 {[%clk 0:10:36]} Kd6 {[%clk 0:44:53]} 33. Rc1
{[%clk 0:09:21]} a6 {[%clk 0:41:12]} 34. bxa6 {[%clk 0:08:37]} Nxa6
{[%clk 0:41:08]} 35. Ke2 {[%clk 0:05:27]} b6 {[%clk 0:37:29]} 36. Rb1
{[%clk 0:04:50]} Kc6 {[%clk 0:37:43]} 37. Bb3 {[%clk 0:04:06]} Nc5
{[%clk 0:37:58]} 38. Bd1 {[%clk 0:03:32]} Ra7 {[%clk 0:37:50]} 39. Ra1
{[%clk 0:03:27]} Ra5 {[%clk 0:35:33]} 40. f3 {[%clk 0:03:35]} Nb7
{[%clk 0:35:13]} 41. Rc1+ {[%clk 0:03:44]} Rc5 {[%clk 0:35:38]} 42. Rxc5+
{[%clk 0:02:45]} Kxc5 {[%clk 0:25:56]} 43. Bb3 {[%clk 0:02:57]} Na5
{[%clk 0:25:37]} 44. Ba2 {[%clk 0:02:52]} Nc6 {[%clk 0:25:33]} 45. e4
{[%clk 0:02:38]} dxe4 {[%clk 0:25:28]} 46. fxe4 {[%clk 0:02:58]} f6
{[%clk 0:25:48]} 47. Ke3 {[%clk 0:02:02]} Kb4 {[%clk 0:23:52]} 48. Bg8
{[%clk 0:01:51]} Kxa4 {[%clk 0:24:15]} 49. Bxh7 {[%clk 0:02:08]} Ne7
{[%clk 0:24:42]} 50. h4 {[%clk 0:01:33]} b5 {[%clk 0:24:44]} 51. h5
{[%clk 0:01:37]} b4 {[%clk 0:24:19]} 52. e5 {[%clk 0:02:03]} f5 {[%clk 0:24:09]}
53. hxg6 {[%clk 0:01:48]} b3 {[%clk 0:22:53]} 54. g4 {[%clk 0:02:09]} b2
{[%clk 0:23:02]} 55. gxf5 {[%clk 0:02:34]} b1=Q {[%clk 0:23:25]} 56. Kf4
{[%clk 0:01:59]} Qc1+ {[%clk 0:23:16]} 57. Kg4 {[%clk 0:02:25]} Qg1+
{[%clk 0:22:01]} 58. Kf4 {[%clk 0:00:42]} Qf2+ {[%clk 0:22:25]} 0-1

[Event "I mi?dzynarodowy turniej szachowy"]
[Site "Jastrzebie-Zdroj"]
[Date "2018.08.20"]
[Round "4.9"]
[White "Raszka, Janusz"]
[Black "Adamczyk, Piotr"]
[Result "1/2-1/2"]
[BlackElo "1790"]
[WhiteElo "2140"]
[LiveChessVersion "1.4.8"]

1. e4 {[%clk 1:30:56]} d5 {[%clk 1:30:45]} 2. exd5 {[%clk 1:30:56]} Qxd5
{[%clk 1:30:45]} 3. Nc3 {[%clk 1:30:56]} Qd8 {[%clk 1:30:45]} 4. d4
{[%clk 1:30:56]} e6 {[%clk 1:30:45]} 5. Nf3 {[%clk 1:30:56]} Nf6 {[%clk 1:30:45]}
6. Bd3 {[%clk 1:30:56]} Be7 {[%clk 1:30:45]} 7. O-O {[%clk 1:30:56]} O-O
{[%clk 1:30:45]} 8. Ne4 {[%clk 1:30:56]} Nxe4 {[%clk 1:30:45]} 9. Bxe4
{[%clk 1:30:56]} Nd7 {[%clk 1:30:45]} 10. c3 {[%clk 1:30:56]} Nf6
{[%clk 1:30:45]} 11. Bc2 {[%clk 1:30:56]} c5 {[%clk 1:30:45]} 12. Be3
{[%clk 1:30:56]} b6 {[%clk 1:30:45]} 13. dxc5 {[%clk 1:24:13]} bxc5
{[%clk 1:16:07]} 14. Qxd8 {[%clk 1:20:01]} Rxd8 {[%clk 1:10:44]} 15. Rfd1
{[%clk 1:20:24]} Bb7 {[%clk 1:09:27]} 16. Ne5 {[%clk 1:17:20]} Nd5
{[%clk 1:03:39]} 17. Bd2 {[%clk 1:17:35]} f6 {[%clk 1:00:55]} 18. Nc4
{[%clk 1:17:44]} Rac8 {[%clk 0:53:18]} 19. Bb3 {[%clk 1:03:58]} Kf8
{[%clk 0:44:30]} 20. Re1 {[%clk 1:03:27]} Nb6 {[%clk 0:37:54]} 21. Rad1
{[%clk 1:01:18]} Bd5 {[%clk 0:26:05]} 22. Nxb6 {[%clk 0:52:57]} Bxb3
{[%clk 0:23:15]} 23. axb3 {[%clk 0:52:59]} axb6 {[%clk 0:23:28]} 24. Rxe6
{[%clk 0:53:08]} Rd7 {[%clk 0:18:28]} 25. Kf1 {[%clk 0:53:25]} Rcd8
{[%clk 0:18:07]} 26. Ke1 {[%clk 0:53:43]} f5 {[%clk 0:14:20]} 27. g3
{[%clk 0:54:00]} Kf7 {[%clk 0:12:35]} 28. Re2 {[%clk 0:53:40]} f4
{[%clk 0:09:15]} 29. f3 {[%clk 0:51:50]} Rd3 {[%clk 0:08:06]} 30. Ra1
{[%clk 0:52:01]} fxg3 {[%clk 0:07:15]} 31. hxg3 {[%clk 0:52:14]} Bd6
{[%clk 0:07:01]} 32. Ra7+ {[%clk 0:51:17]} Kf6 {[%clk 0:06:59]} 33. Bf4
{[%clk 0:39:48]} Bxf4 {[%clk 0:06:59]} 34. gxf4 {[%clk 0:40:07]} Rd1+
{[%clk 0:07:07]} 35. Kf2 {[%clk 0:40:24]} R1d2 {[%clk 0:07:30]} 36. Rb7
{[%clk 0:40:01]} Rxe2+ {[%clk 0:07:50]} 37. Kxe2 {[%clk 0:40:19]} Rd6
{[%clk 0:08:17]} 38. Kf2 {[%clk 0:40:02]} h5 {[%clk 0:07:51]} 39. Kg3
{[%clk 0:40:22]} g6 {[%clk 0:07:47]} 40. Rb8 {[%clk 0:39:54]} Kf5
{[%clk 0:07:18]} 41. b4 {[%clk 0:36:51]} cxb4 {[%clk 0:07:33]} 42. cxb4
{[%clk 0:37:11]} Rf6 {[%clk 0:07:34]} 43. Rh8 {[%clk 0:35:53]} Rf7
{[%clk 0:06:48]} 44. b5 {[%clk 0:36:02]} Rf6 {[%clk 0:06:15]} 45. Rc8
{[%clk 0:34:35]} h4+ {[%clk 0:06:13]} 46. Kxh4 {[%clk 0:34:50]} Kxf4
{[%clk 0:06:21]} 47. Rc6 {[%clk 0:34:48]} Rf7 {[%clk 0:05:17]} 48. Rc4+
{[%clk 0:30:22]} Kxf3 {[%clk 0:05:42]} 49. Rc3+ {[%clk 0:30:33]} Kf4
{[%clk 0:04:42]} 50. Rc4+ {[%clk 0:30:48]} Kf5 {[%clk 0:03:57]} 51. Kg3
{[%clk 0:30:44]} Ke5 {[%clk 0:03:50]} 52. Kg4 {[%clk 0:30:36]} Rf6
{[%clk 0:03:36]} 53. Kg5 {[%clk 0:28:46]} Re6 {[%clk 0:03:51]} 54. Rc2
{[%clk 0:25:56]} Kd4 {[%clk 0:03:56]} 55. Rc6 {[%clk 0:24:12]} Re5+
{[%clk 0:04:11]} 56. Kxg6 {[%clk 0:24:18]} Rxb5 {[%clk 0:04:39]} 57. Rc2
{[%clk 0:24:38]} Re5 {[%clk 0:03:25]} 58. Kf6 {[%clk 0:24:40]} Re1
{[%clk 0:03:43]} 59. Kf5 {[%clk 0:23:00]} b5 {[%clk 0:03:49]} 60. Kf4
{[%clk 0:22:54]} Rf1+ {[%clk 0:04:17]} 61. Kg3 {[%clk 0:22:55]} Rf5
{[%clk 0:04:01]} 62. b4 {[%clk 0:20:34]} Re5 {[%clk 0:03:50]} 63. Kf2
{[%clk 0:20:21]} Kd5 {[%clk 0:01:37]} 64. Rc5+ {[%clk 0:20:31]} Kd6
{[%clk 0:02:05]} 65. Rxe5 {[%clk 0:20:39]} Kxe5 {[%clk 0:02:33]} 66. Ke3
{[%clk 0:20:55]} Kd5 {[%clk 0:02:56]} 67. Kd3 {[%clk 0:21:14]} Ke5
{[%clk 0:03:25]} 68. Ke3 {[%clk 0:21:35]} Kd5 {[%clk 0:03:52]} 1/2-1/2

[Event "I mi?dzynarodowy turniej szachowy"]
[Site "Jastrzebie-Zdroj"]
[Date "2018.08.20"]
[Round "4.10"]
[White "Priechodsky, Radovan"]
[Black "Marcinowski, Zbigniew"]
[Result "1-0"]
[BlackElo "2058"]
[WhiteElo "1790"]
[LiveChessVersion "1.4.8"]

1. d4 {[%clk 1:30:48]} e6 {[%clk 1:30:52]} 2. Bf4 {[%clk 1:31:12]} Nf6
{[%clk 1:31:15]} 3. e3 {[%clk 1:31:37]} c5 {[%clk 1:31:38]} 4. c3
{[%clk 1:32:00]} d5 {[%clk 1:32:01]} 5. Nd2 {[%clk 1:32:00]} Nc6 {[%clk 1:32:18]}
6. Ngf3 {[%clk 1:32:15]} cxd4 {[%clk 1:32:18]} 7. exd4 {[%clk 1:32:33]} Bd6
{[%clk 1:32:40]} 8. Bg3 {[%clk 1:31:41]} O-O {[%clk 1:32:46]} 9. Bd3
{[%clk 1:32:00]} Re8 {[%clk 1:33:00]} 10. Ne5 {[%clk 1:31:52]} Qc7
{[%clk 1:31:32]} 11. f4 {[%clk 1:30:53]} h6 {[%clk 1:30:01]} 12. O-O
{[%clk 1:29:55]} Qb6 {[%clk 1:29:11]} 13. Rb1 {[%clk 1:27:33]} Qa5
{[%clk 1:27:26]} 14. Bh4 {[%clk 1:20:16]} Be7 {[%clk 1:25:15]} 15. Bxf6
{[%clk 1:15:15]} Bxf6 {[%clk 1:25:35]} 16. Qh5 {[%clk 1:14:58]} Re7
{[%clk 1:25:35]} 17. Ndf3 {[%clk 1:02:25]} Bxe5 {[%clk 1:22:48]} 18. fxe5
{[%clk 1:02:30]} Bd7 {[%clk 1:14:12]} 19. Ng5 {[%clk 0:59:01]} Be8
{[%clk 1:13:44]} 20. Qh4 {[%clk 0:49:29]} Qb6 {[%clk 1:11:18]} 21. Kh1
{[%clk 0:48:32]} Qd8 {[%clk 1:07:55]} 22. Nh7 {[%clk 0:41:24]} Rc7
{[%clk 1:03:38]} 23. Nf6+ {[%clk 0:41:34]} Kh8 {[%clk 1:03:14]} 24. g4
{[%clk 0:40:11]} Ne7 {[%clk 0:58:31]} 25. g5 {[%clk 0:36:06]} Ng6 26. Qh3
{[%clk 0:34:18]} Bc6 {[%clk 0:53:33]} 27. gxh6 {[%clk 0:32:46]} gxf6
{[%clk 0:53:04]} 28. Bxg6 {[%clk 0:26:30]} fxg6 {[%clk 0:49:20]} 29. Rxf6
{[%clk 0:26:38]} Qg8 {[%clk 0:48:11]} 30. Rg1 {[%clk 0:26:26]} Be8
{[%clk 0:47:23]} 31. Qf3 {[%clk 0:18:22]} Bf7 {[%clk 0:44:39]} 32. h4
{[%clk 0:16:17]} Qh7 {[%clk 0:38:39]} 33. Qf4 {[%clk 0:16:37]} g5
{[%clk 0:19:19]} 34. hxg5 {[%clk 0:16:06]} Bg6 {[%clk 0:17:52]} 35. Rxe6
{[%clk 0:10:30]} Rf7 {[%clk 0:08:08]} 36. Rf6 {[%clk 0:10:47]} Rxf6
{[%clk 0:04:01]} 37. gxf6 {[%clk 0:10:03]} Bf7 {[%clk 0:03:27]} 38. Rg7
{[%clk 0:07:07]} Qb1+ {[%clk 0:03:27]} 39. Kh2 {[%clk 0:05:58]} Qxb2+
{[%clk 0:02:36]} 40. Rg2 {[%clk 0:05:44]} Qxc3 {[%clk 0:02:19]} 41. e6
{[%clk 0:06:02]} Bxe6 {[%clk 0:02:40]} 42. f7 {[%clk 0:06:24]} Qh3+
{[%clk 0:03:03]} 43. Kg1 {[%clk 0:05:56]} Qf5 {[%clk 0:02:28]} 44. Qxf5
{[%clk 0:06:06]} Bxf5 {[%clk 0:02:54]} 45. Rf2 {[%clk 0:06:10]} Rf8
{[%clk 0:03:13]} 46. Rxf5 {[%clk 0:06:34]} Kh7 {[%clk 0:03:42]} 47. Rf6
{[%clk 0:06:48]} b5 {[%clk 0:04:10]} 48. Kf2 {[%clk 0:06:43]} a5 {[%clk 0:04:34]}
49. Ke2 {[%clk 0:07:02]} b4 {[%clk 0:04:34]} 50. Kd2 {[%clk 0:07:26]} a4
{[%clk 0:04:52]} 51. Kc2 {[%clk 0:07:16]} Rc8+ {[%clk 0:03:32]} 52. Kb1
{[%clk 0:07:12]} Rf8 {[%clk 0:03:53]} 53. Kb2 {[%clk 0:07:36]} Kh8
{[%clk 0:04:03]} 54. Rb6 {[%clk 0:07:08]} a3+ {[%clk 0:02:51]} 55. Kb3
{[%clk 0:06:55]} Rxf7 56. Kxb4 {[%clk 0:07:10]} Rf3 {[%clk 0:03:39]} 57. Rb5
{[%clk 0:07:03]} Kh7 {[%clk 0:03:24]} 58. Rxd5 {[%clk 0:06:48]} Kxh6
{[%clk 0:03:33]} 59. Ra5 {[%clk 0:07:04]} Kg6 {[%clk 0:03:40]} 60. Rxa3
{[%clk 0:07:24]} Rf2 {[%clk 0:03:57]} 61. Kc5 {[%clk 0:07:04]} Kf7
{[%clk 0:04:01]} 62. Kd6 {[%clk 0:06:56]} Kf6 {[%clk 0:04:06]} 63. d5
{[%clk 0:07:00]} Kf7 {[%clk 0:03:58]} 64. Kd7 {[%clk 0:06:59]} Kf8
{[%clk 0:04:20]} 65. d6 {[%clk 0:06:56]} Kf7 {[%clk 0:04:49]} 66. Kd8
{[%clk 0:05:53]} Kf8 {[%clk 0:05:08]} 67. d7 {[%clk 0:05:54]} Kf7
{[%clk 0:05:36]} 68. Ra6 {[%clk 0:06:02]} Rc2 {[%clk 0:05:45]} 69. a4
{[%clk 0:05:45]} Rc4 {[%clk 0:06:05]} 70. a5 {[%clk 0:05:16]} Rc5
{[%clk 0:06:28]} 71. Rb6 {[%clk 0:05:39]} Rxa5 72. Kc7 {[%clk 0:05:59]} 1-0

[Event "I mi?dzynarodowy turniej szachowy"]
[Site "Jastrzebie-Zdroj"]
[Date "2018.08.20"]
[Round "4.11"]
[White "Cudnik, Andrzej"]
[Black "Palczert, Miklos"]
[Result "1/2-1/2"]
[BlackElo "1761"]
[WhiteElo "2013"]
[LiveChessVersion "1.4.8"]

1. e4 {[%clk 1:30:57]} c5 {[%clk 1:23:27]} 2. Nf3 {[%clk 1:31:15]} d6
{[%clk 1:23:45]} 3. c3 {[%clk 1:31:20]} Nf6 {[%clk 1:22:08]} 4. Be2
{[%clk 1:31:27]} Nc6 {[%clk 1:21:47]} 5. d4 {[%clk 1:31:22]} cxd4
{[%clk 1:17:47]} 6. cxd4 {[%clk 1:31:19]} Qa5+ {[%clk 1:14:51]} 7. Nc3
{[%clk 1:21:04]} Nxe4 {[%clk 1:10:44]} 8. d5 {[%clk 1:20:39]} Nxc3
{[%clk 1:07:25]} 9. bxc3 {[%clk 1:20:38]} Ne5 {[%clk 1:06:58]} 10. Nxe5
{[%clk 1:20:52]} Qxc3+ {[%clk 1:04:51]} 11. Bd2 {[%clk 1:20:37]} Qxe5
{[%clk 1:05:05]} 12. O-O {[%clk 1:20:40]} Bd7 {[%clk 0:52:03]} 13. Rb1
{[%clk 1:18:51]} b6 {[%clk 0:42:06]} 14. Re1 {[%clk 1:09:10]} Rc8
{[%clk 0:19:30]} 15. Be3 {[%clk 0:36:03]} Rc7 {[%clk 0:15:55]} 16. Bb5
{[%clk 0:31:16]} Qf5 {[%clk 0:11:33]} 17. g4 {[%clk 0:28:27]} Qc2
{[%clk 0:11:31]} 18. Bxd7+ {[%clk 0:26:32]} Kxd7 {[%clk 0:11:42]} 19. Qf3
{[%clk 0:26:38]} Qg6 {[%clk 0:08:37]} 20. Rbc1 {[%clk 0:24:17]} h5
{[%clk 0:08:06]} 21. g5 {[%clk 0:23:59]} h4 {[%clk 0:07:21]} 22. Rxc7+
{[%clk 0:23:40]} Kxc7 {[%clk 0:07:34]} 23. Bxb6+ {[%clk 0:23:12]} axb6
{[%clk 0:05:46]} 24. Qc3+ {[%clk 0:22:41]} Kb8 {[%clk 0:05:00]} 25. f4
{[%clk 0:21:02]} Qf5 {[%clk 0:04:32]} 26. Qc6 {[%clk 0:16:50]} Qg4+
{[%clk 0:03:34]} 27. Kh1 {[%clk 0:16:24]} Qf3+ {[%clk 0:03:28]} 28. Kg1
{[%clk 0:16:34]} Qg4+ {[%clk 0:03:36]} 29. Kh1 {[%clk 0:16:32]} Qf3+
{[%clk 0:03:34]} 30. Kg1 {[%clk 0:17:00]} Qg4+ {[%clk 0:03:18]} 1/2-1/2

[Event "I mi?dzynarodowy turniej szachowy"]
[Site "Jastrzebie-Zdroj"]
[Date "2018.08.20"]
[Round "4.12"]
[White "Trybus, Daniel"]
[Black "Rydzewski, Pawel"]
[Result "1-0"]
[BlackElo "1995"]
[WhiteElo "1736"]
[LiveChessVersion "1.4.8"]

1. d4 {[%clk 1:30:51]} d5 {[%clk 1:30:57]} 2. c4 {[%clk 1:31:15]} e5
{[%clk 1:31:23]} 3. dxe5 {[%clk 1:31:24]} d4 {[%clk 1:31:50]} 4. g3
{[%clk 1:30:30]} Nc6 {[%clk 1:32:09]} 5. f4 {[%clk 1:30:14]} h5 {[%clk 1:31:33]}
6. Bg2 {[%clk 1:24:09]} h4 {[%clk 1:31:10]} 7. a3 {[%clk 1:24:09]} hxg3
{[%clk 1:31:24]} 8. hxg3 {[%clk 1:24:37]} Rxh1 {[%clk 1:31:45]} 9. Bxh1
{[%clk 1:25:06]} a5 {[%clk 1:31:55]} 10. Be4 {[%clk 1:20:46]} Nge7
{[%clk 1:31:03]} 11. Qd3 {[%clk 1:20:52]} Qd7 {[%clk 1:30:36]} 12. Nd2
{[%clk 1:15:56]} Qg4 {[%clk 1:29:53]} 13. Qf3 {[%clk 1:12:07]} Bf5
{[%clk 1:27:25]} 14. Qxg4 {[%clk 1:10:52]} Bxg4 {[%clk 1:27:48]} 15. Ngf3
{[%clk 1:10:48]} O-O-O {[%clk 1:27:32]} 16. b3 {[%clk 1:10:48]} Bf5
{[%clk 1:27:13]} 17. Bb2 {[%clk 1:10:30]} Bxe4 {[%clk 1:27:18]} 18. Nxe4
{[%clk 1:10:58]} Nf5 {[%clk 1:27:18]} 19. Kf2 {[%clk 1:11:03]} Ne3
{[%clk 1:25:32]} 20. Nfg5 {[%clk 1:01:38]} Rd7 {[%clk 1:24:30]} 21. Rh1
{[%clk 1:00:05]} a4 {[%clk 1:23:20]} 22. Rh8 {[%clk 0:59:16]} Nd1+
{[%clk 1:22:58]} 23. Ke1 {[%clk 0:58:39]} Nxb2 {[%clk 1:23:03]} 24. Rxf8+
{[%clk 0:58:49]} Rd8 {[%clk 1:22:58]} 25. Rxf7 {[%clk 0:58:39]} axb3
{[%clk 1:22:52]} 26. Nc5 {[%clk 0:57:34]} Na5 {[%clk 1:17:45]} 27. e6
{[%clk 0:54:58]} d3 {[%clk 1:14:41]} 28. Rd7 {[%clk 0:52:52]} Nbxc4
{[%clk 1:11:43]} 29. e7 {[%clk 0:51:10]} Rxd7 {[%clk 1:11:31]} 30. e8=Q+
{[%clk 0:51:08]} Rd8 {[%clk 1:11:51]} 31. Qe6+ {[%clk 0:50:29]} Kb8
{[%clk 1:12:14]} 32. Nxb3 {[%clk 0:50:02]} d2+ {[%clk 1:06:11]} 33. Nxd2
{[%clk 0:50:15]} Rxd2 {[%clk 1:05:41]} 34. Qg8+ {[%clk 0:49:55]} Ka7
{[%clk 1:06:07]} 35. Qxg7 {[%clk 0:50:15]} Nc6 {[%clk 1:01:02]} 36. Qxc7
{[%clk 0:49:28]} Rc2 {[%clk 1:01:09]} 37. Ne6 {[%clk 0:49:12]} Ne3
{[%clk 0:58:19]} 38. Nd8 {[%clk 0:47:47]} Rc1+ {[%clk 0:58:35]} 39. Kd2
{[%clk 0:47:29]} Rd1+ {[%clk 0:58:54]} 40. Kxe3 {[%clk 0:47:57]} Rxd8
{[%clk 0:59:17]} 41. g4 {[%clk 0:48:15]} Re8+ {[%clk 0:59:24]} 42. Kf2 1-0

[Event "I mi?dzynarodowy turniej szachowy"]
[Site "Jastrzebie-Zdroj"]
[Date "2018.08.21"]
[Round "5.1"]
[White "Holly, Andrej"]
[Black "Czerw, Dawid"]
[Result "1/2-1/2"]
[BlackElo "2254"]
[WhiteElo "1903"]
[LiveChessVersion "1.4.8"]

1. e4 {[%clk 1:30:55]} e6 {[%clk 1:30:55]} 2. d4 {[%clk 1:30:34]} d5
{[%clk 1:30:04]} 3. Bd3 {[%clk 1:30:36]} dxe4 {[%clk 1:27:19]} 4. Bxe4
{[%clk 1:31:00]} Nf6 {[%clk 1:27:41]} 5. Bf3 {[%clk 1:31:11]} c5 {[%clk 1:26:03]}
6. Ne2 {[%clk 1:28:39]} Nc6 {[%clk 1:23:07]} 7. Be3 {[%clk 1:26:11]} cxd4
{[%clk 1:16:00]} 8. Nxd4 {[%clk 1:26:35]} Nxd4 {[%clk 1:14:49]} 9. Qxd4
{[%clk 1:23:38]} Bd6 {[%clk 1:02:53]} 10. Nc3 {[%clk 1:19:22]} e5
{[%clk 0:54:27]} 11. Qd3 {[%clk 1:09:46]} a6 {[%clk 0:46:57]} 12. O-O-O
{[%clk 1:03:58]} Be7 {[%clk 0:46:23]} 13. Qxd8+ {[%clk 0:47:13]} Bxd8
{[%clk 0:46:47]} 14. Bc5 {[%clk 0:45:59]} Bc7 {[%clk 0:38:52]} 15. Rhe1
{[%clk 0:41:31]} Nd7 {[%clk 0:31:36]} 16. Nd5 {[%clk 0:38:41]} Bd8
{[%clk 0:28:00]} 17. Bd6 {[%clk 0:36:58]} f6 {[%clk 0:27:44]} 18. g4
{[%clk 0:31:29]} Kf7 {[%clk 0:21:10]} 19. Nc7 {[%clk 0:29:34]} Bxc7
{[%clk 0:21:20]} 20. Bxc7 {[%clk 0:30:03]} Ra7 {[%clk 0:20:32]} 21. g5
{[%clk 0:24:52]} b5 {[%clk 0:18:32]} 1/2-1/2

[Event "I mi?dzynarodowy turniej szachowy"]
[Site "Jastrzebie-Zdroj"]
[Date "2018.08.21"]
[Round "5.2"]
[White "Molenda, Marcin"]
[Black "Wieczorek, Jakub"]
[Result "1-0"]
[BlackElo "1710"]
[WhiteElo "2379"]
[LiveChessVersion "1.4.8"]

1. d4 {[%clk 1:30:58]} c5 {[%clk 1:30:52]} 2. d5 {[%clk 1:31:20]} e5
{[%clk 1:31:06]} 3. e4 {[%clk 1:31:08]} d6 {[%clk 1:31:12]} 4. Bb5+
{[%clk 1:31:32]} Nd7 {[%clk 1:31:03]} 5. a4 {[%clk 1:31:23]} a6 {[%clk 1:28:29]}
6. Be2 {[%clk 1:26:59]} Ne7 {[%clk 1:27:41]} 7. Nc3 {[%clk 1:26:31]} Ng6
{[%clk 1:26:20]} 8. Bg4 {[%clk 1:18:04]} Be7 {[%clk 1:24:26]} 9. Nf3
{[%clk 1:17:41]} h5 {[%clk 1:12:09]} 10. Bh3 {[%clk 1:15:18]} Bf6
{[%clk 1:08:34]} 11. g3 {[%clk 1:02:12]} h4 {[%clk 1:07:28]} 12. Nd2
{[%clk 0:57:15]} Qc7 {[%clk 1:00:15]} 13. Nc4 {[%clk 0:50:36]} Nb6
{[%clk 0:52:47]} 14. Nxb6 {[%clk 0:50:22]} Qxb6 {[%clk 0:50:11]} 15. Bxc8
{[%clk 0:50:26]} Rxc8 {[%clk 0:50:38]} 16. a5 {[%clk 0:49:06]} Qd8
{[%clk 0:48:37]} 17. Qg4 {[%clk 0:47:42]} Qd7 {[%clk 0:48:00]} 18. Qxd7+
{[%clk 0:42:03]} Kxd7 {[%clk 0:48:28]} 19. Kf1 {[%clk 0:40:30]} Nf8
{[%clk 0:46:22]} 20. Kg2 {[%clk 0:40:01]} Nh7 {[%clk 0:45:01]} 21. Bd2
{[%clk 0:23:10]} Bd8 {[%clk 0:43:01]} 22. Nd1 {[%clk 0:22:01]} Ng5
{[%clk 0:42:13]} 23. Bxg5 {[%clk 0:19:14]} Bxg5 {[%clk 0:42:41]} 24. Rf1
{[%clk 0:18:04]} Ke7 {[%clk 0:28:15]} 25. c3 {[%clk 0:15:37]} Rh6
{[%clk 0:25:03]} 26. f4 {[%clk 0:14:02]} h3+ {[%clk 0:24:07]} 27. Kg1
{[%clk 0:13:40]} exf4 {[%clk 0:22:21]} 28. gxf4 {[%clk 0:14:08]} Bf6
{[%clk 0:20:52]} 29. Ne3 {[%clk 0:14:33]} Kd7 {[%clk 0:20:21]} 30. Kf2
{[%clk 0:14:38]} Re8 {[%clk 0:19:25]} 31. Kf3 {[%clk 0:14:47]} g5
{[%clk 0:15:35]} 32. Ng4 {[%clk 0:14:51]} Rg6 {[%clk 0:15:48]} 33. f5
{[%clk 0:15:14]} 1-0